000 00556nam a2200169Ia 4500
008 240729s9999 xx 000 0 und d
022 _a2578-7616
245 0 _aHeat Treatment and Surface Engineering
260 _aUnited Kingdom
260 _bTaylor & Francis Group
650 _a Electrical engineering. Electronics. Nuclear engineering
650 _a Materials of engineering and construction. Mechanics of materials
650 _aTechnology
856 _uhttps://doaj.org/toc/719b2b8537e844d3a6670bf93dbeeba3
942 _2ddc
942 _cDOAJEJ
999 _c69068
_d69068
945 _a1
_bMadushi Gamage
_c1
_dMadushi Gamage